Los laboratorios online de liderazgo (Registro nro. 10865)

Detalles MARC
000 -LEADER
fixed length control field 00379 a2200121 4500
001 - CONTROL NUMBER
control field ART_14771
005 - DATE AND TIME OF LATEST TRANSACTION
control field 20260410161613.0
008 - FIXED-LENGTH DATA ELEMENTS--GENERAL INFORMATION
fixed length control field 260409a
100 1# - MAIN ENTRY--PERSONAL NAME
Personal name Malone, Thomas W.
245 10 - TITLE STATEMENT
Title Los laboratorios online de liderazgo
700 1# - ADDED ENTRY--PERSONAL NAME
Personal name Reeves, Byron
773 0# - HOST ITEM ENTRY
Title Harvard Business Review
Related parts Los líderes del mañana - Vol. 86, Nº 5 (may. 2008)
Record control number REV340

No hay ítems disponibles.